All players in the first division 1971-72 - Statistics

General Stats
  • This quiz has been taken 5 times
  • The average score is 354 of 483
Answer Stats
Answer % Correct
ENG, Everton, 17/3 & Arsenal, 18/3 Alan Ball
100%
ENG, Crystal Palace, 5/1 & Leicester, 29/4 Alan Birchenall
100%
ENG, Stoke, 35 Alan Bloor
100%
ENG, Nottingham Forest, 9(1) Alan Buckley
100%
WAL, Derby, 31/6 Alan Durban
100%
SCO, Tottenham, 38/11 Alan Gilzean
100%
ENG, Manchester United, 35(2)/6 Alan Gowling
100%
ENG, Derby, 38/15 Alan Hinton
100%
ENG, Chelsea, 36/2 Alan Hudson
100%
ENG, Huddersfield, 10(2) Alan Jones
100%
ENG, Tottenham, 18/3 Alan Mullery
100%
ENG, Manchester City, 31(1) Alan Oakes
100%
ENG, Everton, 18(1) Alan Whittle
100%
ENG, Everton, 1 Alan Wilson
100%
ENG, Liverpool, 38 Alec Lindsay
100%
ENG, Leeds, 35/11 Allan Clarke
100%
ENG, West Bromwich Albion, 6(2) Allan Glover
100%
NIR, Ipswich, 35/2 Allan Hunter
100%
SCO, Leicester, 27(3)/7 & West Bromwich Albion, 11/3 Ally Brown
100%
SCO, West Bromwich Albion, 31 Ally Robertson
100%
ENG, Liverpool, 6/1 Alun Evans
100%
SCO, Derby, 40/3 Archie Gemmill
100%
SCO, West Bromwich Albion, 39/1 Asa Hartford
100%
ENG, Nottingham Forest, 19(1)/1 Barry Lyons
100%
ENG, Everton, 7(1)/1 Bernie Wright
100%
ENG, Coventry, 37 Bill Glazier
100%
ENG, West Ham, 42/3 Billy Bonds
100%
SCO, Leeds, 41/5 Billy Bremner
100%
ENG, Sheffield United, 35/16 Billy Dearden
100%
ENG, Ipswich, 7 & Crystal Palace, 10 Bobby Bell
100%
ENG, Manchester United, 40/8 Bobby Charlton
100%
SCO, West Ham, 36 Bobby Ferguson
100%
ENG, Wolverhampton, 5(1)/1 & West Bromwich Albion, 31/12 Bobby Gould
100%
SCO, Liverpool, 10(1)/2 & Coventry, 13/2 Bobby Graham
100%
SCO, West Bromwich Albion, 17(5)/1 Bobby Hope
100%
SCO, Newcastle, 21 Bobby Moncur
100%
ENG, West Ham, 40/1 Bobby Moore
100%
ENG, Coventry, 27 Bobby Parker
100%
ENG, Southampton, 37(4)/7 Bobby Stokes
100%
ENG, Leicester, 0(1) Bob Lee
100%
ENG, Arsenal, 20 Bob McNab
100%
SCO, Arsenal, 37 Bob Wilson
100%
SCO, Liverpool, 24(2)/1 Brian Hall
100%
ENG, Manchester United, 34/10 Brian Kidd
100%
ENG, Huddersfield, 4(1) Brian Mahoney
100%
ENG, Southampton, 30(1)/2 Brian O'Neil
100%
NIR, Ipswich, 8(8)/1 Bryan Hamilton
100%
ENG, West Ham, 42/9 Bryan Robson
100%
SCO, Chelsea, 35(3)/2 Charlie Cooke
100%
ENG, Arsenal, 20(3)/7 Charlie George
100%
ENG, Coventry, 29 Chris Cattlin
100%
ENG, Chelsea, 16(1)/4 Chris Garland
100%
ENG, Liverpool, 42(6) Chris Lawler
100%
BER, West Ham, 42/17 Clyde Best
100%
ENG, Manchester City, 33/12 Colin Bell
100%
ENG, Derby, 42 Colin Boulton
100%
ENG, Everton, 17/3 Colin Harvey
100%
ENG, West Bromwich Albion, 30(1) Colin Suggett
100%
ENG, Derby, 40/2 Colin Todd
100%
RSA/ENG, Ipswich, 32/2 Colin Viljoen
100%
ENG, Tottenham, 34/2 Cyril Knowles
100%
NIR, Wolverhampton, 22(2)/3 Danny Hegan
100%
ENG, Huddersfield, 8(2)/3 Dave Smith
100%
ENG, Wolverhampton, 39/2 Dave Wagstaffe
100%
ENG, Chelsea, 41/4 Dave Webb
100%
ENG, Ipswich, 27 David Best
100%
NIR, Newcastle, 36/1 David Craig
100%
SCO, Leeds, 7 David Harvey
100%
ENG, Everton, 27/9 David Johnson
100%
ENG, Huddersfield, 32 David Lawson
100%
ENG, Huddersfield, 2 David Lyon
100%
ENG, Leicester, 42/3 David Nish
100%
ENG, Manchester United, 37/1 David Sadler
100%
ENG, Newcastle, 7(1) David Young
100%
SCO, Manchester United, 32(1)/13 Denis Law
100%
ENG, Stoke, 28/5 Denis Smith
100%
ENG, Huddersfield, 41 Dennis Clarke
100%
ENG, Coventry, 26(8)/4 Dennis Mortimer
100%
NIR, Wolverhampton, 38/15 Derek Dougan
100%
ENG, Ipswich, 42 Derek Jefferson
100%
ENG, Wolverhampton, 32/2 Derek Parkin
100%
SCO, Leeds, 25(1)/6 Eddie Gray
100%
SCO, Arsenal, 22(1)/2 Eddie Kelly
100%
SCO, Chelsea, 7 Eddie McCreadie
100%
ENG, Liverpool, 42/8 Emlyn Hughes
100%
SCO, Southampton, 42 Eric Martin
100%
ENG, Stoke, 13(6) Eric Skeels
100%
ENG, Coventry, 26(1)/12 Ernie Hunt
100%
SCO, Manchester United, 15(2)/1 Francis Burns
100%
ENG, Manchester City, 42/33 Francis Lee
100%
ENG, Newcastle, 40 Frank Clark
100%
ENG, Ipswich, 18(3)/5 Frank Clarke
100%
ENG, West Ham, 39/1 Frank Lampard
100%
SCO, Arsenal, 37/3 Frank McLintock
100%
SCO, Wolverhampton, 37/3 Frank Munro
100%
ENG, Huddersfield, 39/5 Frank Worthington
100%
ENG, Manchester City, 4(2)/1 Freddie Hill
100%
ENG, Everton, 5 Gary Jones
100%
WAL, Leeds, 35 Gary Sprake
100%
ENG, Arsenal, 5 Geoff Barnett
100%
ENG, Ipswich, 15 Geoff Hammond
100%
ENG, West Ham, 34/8 Geoff Hurst
100%
ENG, Sheffield United, 41(1)/2 Geoff Salmons
100%
ENG, Coventry, 1 Geoff Strong
100%
ENG, Arsenal, 41(1)/2 George Armstrong
100%
NIR, Manchester United, 40/18 George Best
100%
ENG, Stoke, 13(1) George Eastham
100%
SCO, Arsenal, 39(1)/8 George Graham
100%
ENG, Stoke, 8(1) George Jackson
100%
SCO, Crystal Palace, 31(2)/5 Gerry Queen
100%
ENG, Wolverhampton, 19(2)/1 Gerry Taylor
100%
CAN, West Bromwich Albion, 2(1) Glenn Johnson
100%
ENG, Stoke, 36 Gordon Banks
100%
ENG, Everton, 42 Gordon West
100%
ENG, Leicester, 39/1 Graham Cross
100%
ENG, West Bromwich Albion, 6 Graham Smith
100%
ENG, Everton, 34(1)/4 Howard Kendall
100%
NIR, Newcastle, 41 Iam McFaul
100%
ENG, Liverpool, 41/2 Ian Callaghan
100%
ENG, Sheffield United, 2 Ian Holmes
100%
SCO, Liverpool, 20(1)/1 Ian Ross
100%
ENG, Nottingham Forest, 30/13 & Manchester United, 11/5 Ian Storey-Moore
100%
ENG, Newcastle, 20(4)/1 Irving Nattrass
100%
ENG, Leeds, 41/5 Jack Charlton
100%
ENG, Stoke, 41 Jackie Marsh
100%
ENG, West Bromwich Albion, 22/2 Jeff Astle
100%
ENG, Coventry, 42/2 Jeff Blockley
100%
SCO, Wolverhampton, 38/11 Jim McCalliog
100%
ENG, Stoke, 35/8 Jimmy Greenhoff
100%
IRL, Coventry, 3 Jimmy Holmes
100%
ENG, Huddersfield, 40/9 Jimmy Lawson
100%
SCO, Ipswich, 40/2 Jimmy Robertson
100%
SCO, Newcastle, 1(2)/1 Jim Smith
100%
ENG, Everton, 26(2)/9 Joe Royle
100%
ENG, Manchester United, 2(7) John Aston
100%
IRL, Chelsea, 35/1 John Dempsey
100%
ENG, Stoke, 6 John Farmer
100%
ENG, Sheffield United, 38 John Hope
100%
SCO, Crystal Palace, 10/3 John Hughes
100%
ENG, Everton, 28(1) John Hurst
100%
ENG, Crystal Palace, 42 John Jackson
100%
WAL, Stoke, 25(4)/4 John Mahoney
100%
ENG, Wolverhampton, 42 John McAlle
100%
ENG, West Ham, 40 John McDowell
100%
SCO, Derby, 39(1)/3 John McGovern
100%
ENG, Liverpool, 3(2) | SCO, Everton, 27/3 John McLaughlin
100%
IRL, Leeds, 38/6 Johnny Giles
100%
SCO, Derby, 40/13 John O'Hare
100%
ENG, West Bromwich Albion, 25 John Osborne
100%
WAL, Chelsea, 7 John Phillips
100%
ENG, Tottenham, 15(8)/1 John Pratt
100%
ENG, Arsenal, 34/8 John Radford
100%
ENG, Wolverhampton, 33(2)/13 John Richards
100%
ENG, Stoke, 32/12 John Ritchie
100%
WAL, Arsenal, 21(2)/3 John Roberts
100%
SCO, Nottingham Forest, 12(1) John Robertson
100%
ENG, Derby, 41/2 John Robson
100%
WAL, Liverpool, 28(1)/13 John Toshack
100%
ENG, Newcastle, 37(1)/8 John Tudor
100%
ENG, West Bromwich Albion, 42/3 John Wile
100%
ENG, Leicester, 40/5 Jon Sammels
100%
ENG, Newcastle, 1 Keith Kennedy
100%
ENG, Chelsea, 2/1 & Leicester, 32/5 Keith Weller
100%
ENG, Wolverhampton, 32(1)/7 Ken Hibbitt
100%
ENG, Derby, 42/12 Kevin Hector
100%
ENG, Liverpool, 35/9 Kevin Keegan
100%
ENG, West Ham, 1(2) Kevin Lock
100%
ENG, Liverpool, 33/1 Larry Lloyd
100%
ENG, Sheffield United, 42/1 Len Badger
100%
ENG, West Bromwich Albion, 38/2 Len Cantello
100%
ENG, Leicester, 35(2)/5 Len Glover
100%
ENG, Wolverhampton, 1(1) Les Wilson
100%
NIR, Nottingham Forest, 22 Liam O'Kane
100%
ENG, West Bromwich Albion, 13(1) Lyndon Hughes
100%
ENG, Newcastle, 42/23 Malcolm Macdonald
100%
ENG, Leicester, 1(1) Malcolm Munro
100%
ENG, Tottenham, 39/25 Martin Chivers
100%
NIR, Nottingham Forest, 10(7)/2 Martin O'Neill
100%
ENG, Tottenham, 35/10 Martin Peters
100%
ENG, Chelsea, 5(1) Marvin Hinton
100%
ENG, Leeds, 6(3) Mick Bates
100%
ENG, Everton, 6/1 Mick Buckley
100%
ENG, Southampton, 42/14 Mick Channon
100%
ENG, Coventry, 13(2) Mick Coop
100%
WAL, Ipswich, 20(1)/7 Mick Hill
100%
ENG, Leeds, 24/11 Mick Jones
100%
ENG, Ipswich, 14(2)/2 Mick Lambert
100%
ENG, Ipswich, 35 Mick Mills
100%
ENG, Chelsea, 1 Micky Droy
100%
ENG, Wolverhampton, 20/2 Mike Bailey
100%
ENG, Stoke, 36/2 Mike Bernard
100%
ENG, Manchester City, 41/1 Mike Doyle
100%
WAL, Tottenham, 38/2 Mike England
100%
ENG, Everton, 20(4)/3 Mike Lyons
100%
ENG, Stoke, 32 Mike Pejic
100%
ENG, Manchester City, 40/3 Mike Summerbee
100%
SCO, Nottingham Forest, 23(2)/5 Neil Martin
100%
ENG, Manchester City, 3(2) Neil Young
100%
ENG, Leeds, 42 Norman Hunter
100%
IRL, Chelsea, 27/1 Paddy Mulligan
100%
ENG, Newcastle, 34 Pat Howard
100%
NIR, Tottenham, 41 Pat Jennings
100%
NIR, Arsenal, 42/1 Pat Rice
100%
WAL, Arsenal, 0(1) Paul Davies
100%
ENG, Leeds, 42/2 Paul Madeley
100%
ENG, Leeds, 29(4) Paul Reaney
100%
ENG, Chelsea, 33 Peter Bonetti
100%
ENG, Stoke, 27(1)/1 Peter Dobing
100%
ENG, Chelsea, 26(1)/1 Peter Houseman
100%
SCO, Leeds, 42/23 Peter Lorimer
100%
SCO, Arsenal, 4(4)/1 Peter Marinello
100%
ENG, Chelsea, 36/18 Peter Osgood
100%
ENG, Leicester, 37 Peter Shilton
100%
ENG, Arsenal, 32(2)/4 Peter Simpson
100%
ENG, Arsenal, 29/1 Peter Storey
100%
ENG, Crystal Palace, 32(4)/1 Peter Wall
100%
ENG, Wolverhampton, 42 Phil Parkes
100%
SCO, Coventry, 21/2 Quintin Young
100%
ENG, Tottenham, 32/2 Ralph Coates
100%
ENG, Liverpool, 42 Ray Clemence
100%
ENG, Tottenham, 22 Ray Evans
100%
ENG, Arsenal, 37/12 Ray Kennedy
100%
SCO, West Bromwich Albion, 40 Ray Wilson
100%
ENG, Leeds, 10(1)/1 & Ipswich, 26/7 Rod Belfitt
100%
ENG, Leicester, 29(7)/3 Rodney Fern
100%
ENG, Manchester City, 7(1)/4 Rodney Marsh
100%
ENG, Everton, 34(2) Roger Kenyon
100%
ENG, Tottenham, 8(2) Roger Morgan
100%
WAL, Southampton, 27/11 Ron Davies
100%
ENG, Chelsea, 41 Ron Harris
100%
ENG, Derby, 38/1 Ron Webster
100%
ENG, Huddersfield, 42/1 Roy Ellam
100%
ENG, Derby, 38/4 Roy McFarland
100%
NIR, Manchester United, 8(8)/4 Sammy McIlroy
100%
NIR, Arsenal, 24/1 Sammy Nelson
100%
IRL, Liverpool, 40/5 Steve Heighway
100%
ENG, Crystal Palace, 9 & Chelsea, 24(3)/3 Steve Kember
100%
ENG, Tottenham, 39/1 Steve Perryman
100%
ENG, Derby, 2(1) Steve Powell
100%
ENG, Huddersfield, 40/2 Steve Smith
100%
ENG, Leicester, 42 Steve Whitworth
100%
ENG, Newcastle, 26(2)/2 Stewart Barrowclough
100%
ENG, Sheffield United, 40 Ted Hemsley
100%
IRL, Stoke, 27/4 Terry Conroy
100%
ENG, Leeds, 34/1 Terry Cooper
100%
ENG, Everton, 16(1) Terry Darracott
100%
WAL, Derby, 17(1) Terry Hennessey
100%
ENG, Newcastle, 35/3 Terry Hibbitt
100%
ENG, Southampton, 37(3)/2 Terry Paine
100%
ENG, Stoke, 1 Terry Smith
100%
WAL, Leeds, 3(4)/1 Terry Yorath
100%
ENG, Chelsea, 20/10 Tommy Baldwin
100%
ENG, Manchester City, 40/4 Tommy Booth
100%
NIR, Nottingham Forest, 12(3)/1 Tommy Jackson
100%
ENG, Manchester United, 37 Tommy O'Neil
100%
ENG, Liverpool, 37/6 Tommy Smith
100%
ENG, West Ham, 42 Tommy Taylor
100%
ENG, Everton, 17 Tommy Wright
100%
ENG, Derby, 1 Tony Bailey
100%
ENG, Manchester City, 40/1 Tony Book
100%
ENG, West Bromwich Albion, 40/17 Tony Brown
100%
ENG, Sheffield United, 38/10 Tony Currie
100%
SCO, Newcastle, 27/2 Tony Green
100%
SCO, Crystal Palace, 41/2 Tony Taylor
100%
ENG, Manchester City, 19(2)/3 Tony Towers
100%
ENG, Tottenham, 7 Tony Want
100%
ENG, Manchester United, 5(2) Tony Young
100%
ENG, West Ham, 40/6 Trevor Brooking
100%
ENG, Huddersfield, 42/1 Trevor Cherry
100%
ENG, Ipswich, 12(2)/4 Trevor Whymark
100%
ENG, Coventry, 42/1 Wilf Smith
100%
SCO, Coventry, 42/8 Willie Carr
100%
SCO, Manchester City, 35(2) Willie Donachie
100%
SCO, Manchester United, 35/1 Willie Morgan
100%
WAL, Manchester City, 40/8 Wyn Davies
100%
ENG, Sheffield United, 39(1)/15 Alan Woodward
67%
NIR, Stoke, 6 Alex Elder
67%
ENG, Manchester United, 39 Alex Stepney
67%
ENG, Wolverhampton, 41/1 Bernard Shaw
67%
SCO, Coventry, 13/2 Billy Rafferty
67%
ENG, Crystal Palace, 33/8 Bobby Tambling
67%
ENG, Nottingham Forest, 34 Bob Chapman
67%
ENG, Southampton, 19/1 Bob McCarthy
67%
ENG, Arsenal, 0(2) Brendon Batson
67%
SCO, Coventry, 5(3) Brian Alderson
67%
ENG, Everton, 4 Brian Labone
67%
ENG, West Ham, 4 Clive Charles
67%
ENG, Ipswich, 1(4) Clive Woods
67%
ENG, Ipswich, 42/2 Colin Harper
67%
NIR, Coventry, 1 Dave Clements
67%
ENG, Sheffield United, 7(2)/1 David Ford
67%
ENG, Nottingham Forest, 31(2)/7 Duncan McKenzie
67%
SCO, Sheffield United, 42/2 Eddie Colquhoun
67%
ENG, Coventry, 2 Eric McManus
67%
ENG, Coventry, 15 Ernie Machin
67%
ENG, Manchester City, 7 George Heslop
67%
ENG, West Ham, 22 Harry Redknapp
67%
ENG, Everton, 24/1 Henry Newton
67%
SCO, Southampton, 11/2 Hugh Fisher
67%
ENG, Manchester City, 21(1)/3 Ian Mellor
67%
SCO, Coventry, 18/3 Ian St John
67%
ENG, Liverpool, 9/6 Jack Whitham
67%
ENG, West Bromwich Albion, 11 Jim Cumbes
67%
SCO, Southampton, 36(1)/5 Jimmy Gabriel
67%
ENG, Tottenham, 12(2)/1 Jimmy Neighbour
67%
ENG, Tottenham, 9(6)/5 Jimmy Pearce
67%
ENG, Manchester City, 35 Joe Corrigan
67%
SCO, Leeds, 5(7) Joe Jordan
67%
IRL, Tottenham, 20(1) Joe Kinnear
67%
ENG, Southampton, 23/1 Joe Kirkup
67%
SCO, Chelsea, 24 John Boyle
67%
SCO, Everton, 2 John Connolly
67%
ENG, Crystal Palace, 33/7 John Craven
67%
ENG, Sheffield United, 23/3 John Flynn
67%
ENG, Chelsea, 42/11 John Hollins
67%
SCO, Crystal Palace, 35/1 John McCormick
67%
ENG, Southampton, 27 John McGrath
67%
ENG, Ipswich, 29(1)/1 Johnny Miller
67%
ENG, Everton, 15(1) Johnny Morrissey
67%
SCO, Leicester, 26/1 John Sjoberg
67%
ENG, Everton, 15 Keith Newton
67%
ENG, Ipswich, 15 Laurie Sivell
67%
ENG, Huddersfield, 38(1)/3 Les Chapman
67%
SCO, Manchester United, 13/1 Martin Buchan
67%
ENG, Crystal Palace, 41/2 Mel Blyth
67%
ENG, Coventry, 23(3)/1 Mick McGuire
67%
ENG, Huddersfield, 2(3) Mike Barry
67%
ENG, West Ham, 4 Pat Holland
67%
ENG, Southampton, 1(1) Paul Gilchrist
67%
ENG, Nottingham Forest, 32(2)/5 Paul Richardson
67%
ENG, Tottenham, 6(1) Peter Collins
67%
SCO, Nottingham Forest, 32/7 Peter Cormack
67%
ENG, Nottingham Forest, 40 Peter Hindley
67%
ENG, Ipswich, 29(2)/2 Peter Morris
67%
ENG, Liverpool, 9(1) Peter Thompson
67%
ENG, Tottenham, 32 Phil Beal
67%
ENG, Liverpool, 0(1) Phil Thompson
67%
ENG, West Ham, 0(1) Ronnie Boyce
67%
SCO, Coventry, 27 Roy Barry
67%
ENG, Wolverhampton, 5(5)/2 Steve Daley
67%
ENG, Manchester United, 37/1 Steve James
67%
ENG, Stoke, 17(2) Stewart Jump
67%
ENG, Tottenham, 12 Terry Naylor
67%
NIR, Newcastle, 5(4)/2 Tommy Cassidy
67%
SCO, Newcastle, 26(3)/1 Tommy Gibb
67%
IRL, Manchester United, 34 Tony Dunne
67%
WAL, Sheffield United, 28/1 Trevor Hockey
67%
ENG, Leicester, 1 Willie Carlin
67%
SCO, Crystal Palace, 27(2)/3 Willie Wallace
67%
NGR, West Ham, 5/2 Ade Coker
33%
ENG, West Bromwich Albion, 6(1) Alan Merrick
33%
ENG, Sheffield United, 1(2) Alan Ogden
33%
ENG, Leicester, 13 Alan Woollett
33%
SCO, Newcastle, 12(6) Alex Reid
33%
ENG, Tottenham, 1 Barry Daines
33%
ENG, West Ham, 1(4) Bobby Howe
33%
ENG, Leicester, 9/1 & Crystal Palace, 32/3 Bobby Kellard
33%
ENG, Coventry, 26(1)/3 Chris Chilton
33%
ENG, Sheffield United, 4 Dave Staniforth
33%
ENG, Crystal Palace, 41/1 David Payne
33%
SCO, Southampton, 16 Denis Hollywood
33%
ENG, Manchester City, 9(3) Derek Jeffries
33%
SCO, Nottingham Forest, 36 Doug Fraser
33%
ENG, Sheffield United, 1 Frank Barlow
33%
ENG, Derby, 10(1)/5 Frank Wignall
33%
ENG, Huddersfield, 10 Gary Pierce
33%
WAL, Sheffield United, 14(5)/3 Gil Reece
33%
SCO, Wolverhampton, 2(2) Hugh Curran
33%
ENG, Ipswich, 13(1)/1 Ian Collard
33%
ENG, Sheffield United, 21 Ian MacKenzie
33%
ENG, Nottingham Forest, 37 Jim Barron
33%
ENG, Everton, 25(2)/1 Jimmy Husband
33%
SCO, Crystal Palace, 4(2)/1 Jim Scott
33%
SCO, Southampton, 16 Jim Steele
33%
ENG, Manchester United, 3 John Connaughton
33%
ENG, West Ham, 11(1) Johnny Ayris
33%
ENG, Coventry, 5(1)/1 John O'Rourke
33%
ENG, Newcastle, 6(1) Keith Dyson
33%
WAL, Leeds, 0(1) Keith Edwards
33%
SCO, Leicester, 23(3) Malcolm Manley
33%
ENG, Leicester, 5 Mark Wallington
33%
ENG, Wolverhampton, 3(1) Mike O'Grady
33%
ENG, Southampton, 2 Paul Bennett
33%
ENG, Manchester United, 4 Paul Edwards
33%
ENG, Wolverhampton, 2(1) Peter Eastoe
33%
ENG, West Ham, 2 Peter Eustace
33%
NIR, Everton, 28(1)/1 Peter Scott
33%
ENG, Liverpool, 3(3) Phil Boersma
33%
ENG, Crystal Palace, 6(3) Phil Hoadley
33%
ENG, Tottenham, 4(2) Phil Holder
33%
ENG, Southampton, 22 Roger Fry
33%
WAL, Nottingham Forest, 7 Ronnie Rees
33%
ENG, Sheffield United, 1 Steve Cammack
33%
ENG, Manchester City, 0(1) Steve Carter
33%
ENG, Sheffield United, 2 Steve Goulding
33%
ENG, Everton, 1 Steve Seargeant
33%
ENG, Chelsea, 1 Steve Sherwood
33%
SCO, Sheffield United, 36(2)/6 Stewart Scullion
33%
SCO, Sheffield United, 4 Tom McAlister
33%
IRL, Ipswich, 1 Tommy Carroll
33%
SCO, Nottingham Forest, 18/5 Tommy Gemmell
33%
IRL, Southampton, 12(3)/1 Tony Byrne
33%
SCO, Stoke, 12(5) Willie Stevenson
33%
ENG, Crystal Palace, 1(1) Alan Pinkney
0%
ENG, West Ham, 3(1) Alan Stephenson
0%
ENG, Wolverhampton, 5(3) Alan Sunderland
0%
ENG, Everton, 6(1) Billy Kenny
0%
ENG, Crystal Palace, 1 Bobby Goldthorpe
0%
ENG, Huddersfield, 22 Bobby Hoy
0%
ENG, Coventry, 2/1 Brian Joicey
0%
ITA, Manchester United, 0(2) Carlo Sartori
0%
ENG, Leeds, 2(1) Chris Galvin
0%
ENG, Newcastle, 3 Chris Guthrie
0%
ENG, Manchester City, 8/1 Dave Connor
0%
ENG, Nottingham Forest, 8 Dave Serella
0%
ENG, Leicester, 9(1)/1 Dave Tomlin
0%
ENG, Southampton, 9(2) Dave Walker
0%
WAL, West Ham, 1(1) David Llewellyn
0%
RSA, Chelsea, 2 Derek Smethurst
0%
WAL, Huddersfield, 10(3) Dick Krzywicki
0%
ENG, Nottingham Forest, 5 Eric Hulme
0%
ENG, Huddersfield, 42 Geoff Hutt
0%
ENG, West Bromwich Albion, 9 George McVitie
0%
SCO, Southampton, 21(2)/1 Gerry O'Brien
0%
ENG, Newcastle, 2 Gordon Hindson
0%
ENG, Newcastle, 1 Gordon Hodgson
0%
ENG, West Bromwich Albion, 21 Gordon Nisbet
0%
ENG, Southampton(L), 3 Graham Lovett
0%
ENG, Stoke, 10/1 Harry Burrows
0%
SCO, West Bromwich Albion, 2 Hugh MacLean
0%
SCO, Nottingham Forest, 11(3)/1 Jim McIntosh
0%
ENG, Leeds, 1 Jimmy Mann
0%
SCO, Huddersfield, 10(1) Jimmy McGill
0%
NIR, Huddersfield, 5 Jimmy Nicholson
0%
ENG, Derby, 3(3)/1 Jim Walker
0%
ENG, West Ham, 5(1) Joe Durrell
0%
ENG, Nottingham Forest, 17 John Cottam
0%
ENG, Leicester, 15(1)/2 John Farrington
0%
SCO, Manchester United, 1 John Fitzpatrick
0%
ENG, West Bromwich Albion, 11(1) John Kaye
0%
SCO, Crystal Palace, 0(2) John Loughlan
0%
SCO, Newcastle, 2 John McNamee
0%
ENG, Nottingham Forest, 17 John Winfield
0%
ENG, Leicester, 8(2)/1 Malcolm Partridge
0%
ENG, Newcastle, 1 Martin Burleigh
0%
IRL, Huddersfield, 5(3) Mick Fairclough
0%
ENG, Ipswich, 1 Mick McNeill
0%
ENG, Sheffield United, 3(1) Mick Speight
0%
ENG, Wolverhampton, 0(1) Mike Kent
0%
WAL, Newcastle, 19 Ollie Burton
0%
ENG, West Ham, 0(1) Paul Heffer
0%
ENG, Wolverhampton, 4 Paul Walker
0%
ENG, Chelsea, 0(1) Peter Feely
0%
ENG, West Ham, 6 Peter Grotier
0%
ENG, Manchester City, 0(1) Phil Henson
0%
ENG, Newcastle, 5 Ray Ellison
0%
ENG, West Bromwich Albion, 9 Roger Minton
0%
ENG, Newcastle, 8 Ron Guthrie
0%
IRL, Manchester City, 7 & Coventry(L), 3 Ron Healey
0%
ENG, Crystal Palace, 4/1 Ross Jenkins
0%
SCO, Crystal Palace, 18(7) Sam Goodwin
0%
ENG, Stoke, 17(1) Sean Haslegrave
0%
ENG, Huddersfield, 18(2)/1 Terry Dolan
0%
ENG, Stoke, 3(2) Terry Lees
0%
ENG, Crystal Palace, 6 Terry Wharton
0%
ENG, Southampton, 28/2 Tommy Jenkins
0%
ENG, Stoke, 2 Tommy Walker
0%
ENG, Chelsea, 1 Tony Potrac
0%
ENG, Newcastle, 4/2 Viv Busby
0%
ENG, Southampton, 1 Wayne Talkes
0%
No matching quizzes found
Score Distribution
Percent of People with Each Score
Percentile by Number Answered
Your Score History
You have not taken this quiz